000 01337nam a22002177a 4500
999 _c58611
_d58611
003 Ge_BSU
005 20220614124552.0
008 220614s2011 ge ||||| |||| 00| 0 geo d
020 _a9789941037924
041 _ageo
080 _a321.7 ს-74
245 _aსოციალური დემოკრატიის საფუძვლები :
_b[კრებული] /
_c ტობიას გომბერტი [და სხვ.].
264 _aთბ. :
_bფრიდრიხ ებერტის ფონდი,
_c2011.
300 _a160 გვ. ;
_b22 სმ.
490 _aსოციალური დემოკრატიის კურსი ;
_v1
653 _aსოციალური დემოკრატია
700 _aგომბერტი, ტობიას
_eავტორი
_q
_914074
700 _aბლეზიუსი, იულია და სხვ.
_eავტორი
_914075
856 _uhttp://progressive.ge/uploads/files/%E1%83%A1%E1%83%9D%E1%83%AA%E1%83%98%E1%83%90%E1%83%9A%E1%83%A3%E1%83%A0%E1%83%98%20%E1%83%93%E1%83%94%E1%83%9B%E1%83%9D%E1%83%99%E1%83%A0%E1%83%90%E1%83%A2%E1%83%98%E1%83%98%E1%83%A1%20%E1%83%A1%E1%83%90%E1%83%A4%E1%83%A3%E1%83%AB%E1%83%95%E1%83%9A%E1%83%94%E1%83%91%E1%83%98.pdf
_yელ. ვერსია. pdf
942 _2udc
_cBK